| 000 | 00611nam a2200229Ia 4500 | ||
|---|---|---|---|
| 001 | 1963 | ||
| 003 | GE_BSU | ||
| 008 | 181216s||||||||xx |||||||||||||| ||und|| | ||
| 020 | _a5856390083 | ||
| 040 | _cGE_BSU | ||
| 080 | _a340.1(470)(075.8) | ||
| 100 | _aИсаев,И.А. | ||
| 245 | _aИстория государства и права России | ||
| 245 | _bКурс лекции | ||
| 260 | _aМосква | ||
| 260 | _bБЕК | ||
| 260 | _c1993 | ||
| 300 | _a255стр. 20см. | ||
| 541 | _h8л. | ||
| 653 | _aИстория государства и права России | ||
| 942 | _cBK | ||
| 999 |
_c36063 _d36063 |
||